000 01938nam a22001817a 4500
003 OSt
005 20220107122809.0
008 160311b xxu||||| |||| 00| 0 eng d
040 _c
100 _aSurya Devarajan (91613017)
_98460
245 _aBurnit:fitness management with free text food and activity diary
502 _bMaster of Science in Information Technology
_c2013-2015
_dEXT
_eAsharaf S
_fJamsheer EB (Principal Architecture)
_g"Experion Technologies"
520 _aIn this project we developed a mobile application named 'BurnIt'. The front end of our application is an android phone. This application can easily install and used to calculate your daily calorie intake and burned calorie. BurnIt helps you to calculate the total calorie you intake by providing your food diary. And it also calculate the how much calorie you burned by providing your activity diary. BurnIt helps to organize your diet plan and also helps for fitness management. In font end there is a text area where you can enter your daily food diary and another text area where you can enter your daily activities. These two free text are send to the server side where we created an algorithm using open nlp, to process this text and calculate total calorie in-take and total calorie burned correspondingly. And this application also tells your BMR rate and based on your weight, height and age BurnIt tell your weight category. The backend algorithm use open nlp libraries to process the free-text. To calorie of food items is stored in database. While a user start using this application it ask your basic details like weight, height and age this details also stored in the database. After processing the free-text the back end store and send back information which will display on front end.
650 _aAPPLIED COMPUTING
_98461
650 _aLIFE AND MEDICAL SCIENCES
_98462
650 _aHEALTH CARE INFORMATION SYSTEMS
_98463
942 _2ddc
_cPR
999 _c4977
_d4977